000 00533nam a2200145Ia 4500
008 151213s9999 xx 000 0 und d
100 _a্আব্দুল মান্নান সৈয়দ।
245 _aছন্দ
_c্আব্দুল মান্নান সৈয়দ।
250 _a১ম সং
260 _aঢাকা
_bবাংলা একাডেমী।
_c1985
300 _a4573 p.
650 _aEnglish
700 _a্আব্দুল মান্নান সৈয়দ।
999 _c2947
_d2947